LEADER 01171cas--2200409---450- 001 990001026890203316 005 20150122082311.0 011 $a1722-5426 035 $a0102689 035 $aUSA010102689 035 $a(ALEPH)000102689USA01 035 $a0102689 100 $a20020312d--------km-y0itay0103----ba 101 $aita 102 $aIT 110 $aafa-------- 200 1 $aComoedia 207 $a1919-1950 210 $aMilano$cMondadori 215 $avolumi$d31 cm 300 $aDal 1928 compl. del tit: Rassegna mensile del teatro 326 $aMensile 606 0 $aTeatro$xPeriodici 676 $a792 801 0$aIT$bsalbc$gISBD 912 $a990001026890203316 958 $aFA$bFA Per. 4 (Direzione)$c7(1925);9(1927)-11(1929); 959 $aSE 979 $aPATTY$b90$c20020312$lUSA01$h1017 979 $c20020403$lUSA01$h1743 979 $aPATRY$b90$c20040406$lUSA01$h1711 979 $aVITTORIANA$b90$c20120118$lUSA01$h1427 979 $aVITTORIANA$b90$c20150121$lUSA01$h1418 979 $aVITTORIANA$b90$c20150122$lUSA01$h0822 979 $aVITTORIANA$b90$c20150122$lUSA01$h0823 996 $aComoedia$9888201 997 $aUNISA LEADER 01057nam--2200373---450- 001 990003583060203316 005 20111103131559.0 035 $a000358306 035 $aUSA01000358306 035 $a(ALEPH)000358306USA01 035 $a000358306 100 $a20111027d--------km-y0itay50------ba 101 0 $afre 102 $aFR 105 $ay|||||||001yy 200 1 $a<>avare$aTartuffe$a<> mèdicine malgrè lui 210 $aParis$cLibrairie Gründ$d[s.d.] 215 $a249 p.$d18 cm 225 2 $aBibliothèque prècieuse 410 0$12001$aBibliothèque prècieuse 676 $a842.4 700 1$aMOLIÈRE$0389055 801 0$aIT$bsalbc$gISBD 912 $a990003583060203316 951 $aXV.2.A. 597$b1416 F.C.$cXV.2.A. 959 $aBK 969 $aCUOMO 979 $aDIONIGI$b90$c20111027$lUSA01$h1227 979 $aCHIARA$b90$c20111103$lUSA01$h1259 979 $aCHIARA$b90$c20111103$lUSA01$h1315 996 $aTartuffe$9535488 996 $aMèdicine malgrè lui$91115902 996 $aAvare$948830 997 $aUNISA LEADER 03388 am 2200769 n 450 001 9910495807903321 005 20240104030510.0 010 $a9782753557062$bebook 010 $a2-7535-5706-3$bebook 024 7 $a10.4000/books.our.54372 035 $a(CKB)4100000006374837 035 $a(FrMaCLE)OB-pur-54372 035 $a(PPN)267956924 035 $a(EXLCZ)994100000006374837 100 $a20180905j|||||||| ||| 0 101 0 $afre 135 $auu||||||m|||| 181 $2rdacontent 182 $2rdamedia 183 $2rdacarrier 200 02$aL'atelier de Louis Guilloux$fMadeleine Frédéric, Michèle Touret 210 $aRennes$cPresses universitaires de Rennes$d2018 210 1$aRennes :$cPresses universitaires de Rennes,$d[2012] 215 $a1 online resource (373 pages, ix pages of plates) $ccolour illustrations 225 1 $aInterférences,$x0154-5604 300 $a"Proceedings of a colloquium held at Centre culturel international de Cerisy-la-Salle, Sept. 29-Oct. 3, 2010." 311 0 $a2-7535-1751-7 9782753517516 320 $aIncludes bibliographical references (pages 361-364) 330 $aLouis Guilloux est certes un romancier connu et apprécié. Mais il reste encore à connaître. De La Maison du peuple à Coco perdu, pendant cinquante années, il n'a cessé de renouveler ses conceptions du roman. Pendant cinquante ans, il a été mêlé aux principaux débats de la vie littéraire et intellectuelle de son temps, mais le plus souvent en toute discrétion. Pourtant, l'ouverture récente de ses archives personnelles, déposées à la bibliothèque municipale de Saint-Brieuc invite à relire son ?uvre et à l'éclairer. C'est dans son atelier que, réunis en colloque à Cerisy-la-Salle, les auteurs de cet ouvrage sont allés à la recherche de documents souvent inédits pour porter sur ses ?uvres un jour nouveau. 410 0$aInterférences (Unnumbered) 606 $aLiterary Theory & Criticism 606 $aLiterature, Romance 606 $aroman 606 $ajournalisme 615 4$aLiterary Theory & Criticism 615 4$aLiterature, Romance 615 4$aroman 615 4$ajournalisme 676 $a840 700 $aBaudorre$b Philippe$0481675 701 $aBustarret$b Claire$01456116 701 $aCavalli$b Christian$01456117 701 $aDartevelle$b Bérénice$01456118 701 $aDufief$b Pierre-Jean$0176849 701 $aDugast-Portes$b Francine$01294411 701 $aFlici$b Arnaud$01349631 701 $aFrédéric$b Madeleine$0390822 701 $aGolvet$b Sylvie$0927649 701 $aLegavre$b Jean-Baptiste$01285836 701 $aLeménager$b Grégoire$01349632 701 $aMartin$b Yann$01456119 701 $aMilquet$b Sophie$01300730 701 $aParent$b Sabrina$01289866 701 $aPiroux$b Cyril$01287499 701 $aPoulouin$b Gérard$0391211 701 $aPoussard$b Valérie$01284206 701 $aSchaffner$b Alain$0165903 701 $aTouret$b Michèle$01233684 701 $aVasic$b Alexandra$01349634 701 $aZareh-Motekasses$b Mojgane$01456120 701 $aFrédéric$b Madeleine$0390822 701 $aTouret$b Michèle$01233684 801 0$bFR-FrMaCLE 906 $aBOOK 912 $a9910495807903321 996 $aL'atelier de Louis Guilloux$93657548 997 $aUNINA